000
00197nam a22000857a 4500
082
_a
823
100
_a
UNKNOWN
245
_a
A GUIDE TO FEELING GOOD & LIVING LONGER
_b
INCREASE YOURLIFE SCORE
942
_c
BK
999
_c
8078
_d
8078